Heroes of the Surf (Record no. 49111)
| 000 -LEADER | |
|---|---|
| fixed length control field | 00392nam a22001217a 4500 |
| 008 - FIXED-LENGTH DATA ELEMENTS--GENERAL INFORMATION | |
| fixed length control field | 250804b |||||||| |||| 00| 0 eng d |
| 020 ## - INTERNATIONAL STANDARD BOOK NUMBER | |
| International Standard Book Number | 9780670063123 |
| 100 ## - MAIN ENTRY--PERSONAL NAME | |
| Personal name | Elisa Carbone (Author), Nancy Carpenter (Illustrator) |
| 9 (RLIN) | 86458 |
| 245 ## - TITLE STATEMENT | |
| Title | Heroes of the Surf |
| 260 ## - PUBLICATION, DISTRIBUTION, ETC. (IMPRINT) | |
| Place of publication, distribution, etc | USA |
| Name of publisher, distributor, etc | Viking Books for Young Readers |
| Date of publication, distribution, etc | 2012 |
| 300 ## - PHYSICAL DESCRIPTION | |
| Extent | 40 pages |
| Other physical details | col. ill. |
| Dimensions | 11.52 x 0.36 x 8.73 inches |
| 942 ## - ADDED ENTRY ELEMENTS (KOHA) | |
| Source of classification or shelving scheme | |
| Withdrawn status | Lost status | Source of classification or shelving scheme | Damaged status | Not for loan | Collection code | Home library | Current library | Date acquired | Total Checkouts | Full call number | Barcode | Date last seen | Price effective from | Koha item type |
|---|---|---|---|---|---|---|---|---|---|---|---|---|---|---|
| Siem Reap | Asian Hope Siem Reap | Asian Hope Siem Reap | 08/04/2025 | FIC ELI | 209075 | 08/04/2025 | 08/04/2025 | Book |